Introducción al protocolo y ceremonial en las corporaciones locales / Felío A. Vilarrubias
Descripción Física:
299 p. ; 24 cm
MARC
| LEADER | 00000nam a2200000Ia 4500 | ||
|---|---|---|---|
| 001 | 11744 | ||
| 008 | 160829s1976 xx 000 0 cat d | ||
| 080 | |a M-2-47 | ||
| 100 | 1 | |a Vilarrubias Solanes, Felio A. |9 50554 | |
| 245 | |a Introducción al protocolo y ceremonial en las corporaciones locales / Felío A. Vilarrubias | ||
| 260 | |a Madrid : |b Instituto de Estudios de Administración Local, |c 1976 | ||
| 300 | |a 299 p. ; |c 24 cm | ||
| 490 | |a Investigacion en equipo. Seminarios y simposios | ||
| 650 | |a Protocol oficial |9 32409 | ||
| 650 | |a Etiqueta |9 48237 | ||
| 650 | 0 | |a Administració local |9 34286 | |
| 710 | 2 | |a Instituto de Estudios de Administración Local (Espanya) |9 54775 | |
| 901 | |a Arxiu | ||
| 942 | |n 1 | ||
| 952 | |0 0 |1 0 |4 0 |6 M247 |7 1 |9 43717 |a Arxiu |b Arxiu |d 2016-12-01 |l 0 |o M-2-47 |p 11744 |r 2016-12-01 00:00:00 |w 2016-12-01 |y ARXIU | ||
| 999 | |c 46265 |d 46265 | ||